US State Name Origins Quiz Stats

 Plays Quiz Updated Oct 17, 2018

Score 0/50 Timer 10:00
4 Plays Today
Named After ... State % Correct
Queen Elizabeth I, the 'Virgin Queen'Virginia
86.7%
Similarity of a state island to the Isle of Rhodes or Dutch for 'red island'Rhode Island
83.6%
The woods of William PennPennsylvania
82.3%
First President of the United StatesWashington
78.3%
King Louis XIV of FranceLouisiana
76.1%
The Duke of York of EnglandNew York
75.8%
King George II of EnglandGeorgia
70%
Queen Henrietta Maria, wife of England's King Charles IMaryland
67.5%
Probably Polynesian for 'homeland' or for the traditional discoverer of the islandsHawaii
66.1%
Spanish for 'mountain' or 'mountainous'Montana
66%
King Charles I of England; Southern RegionSouth Carolina
65.7%
French for 'green mountain'Vermont
63.5%
Sioux for 'friend' or 'ally'; Southern RegionSouth Dakota
59.3%
King Charles I of England; Northern RegionNorth Carolina
58.8%
Sioux for 'friend' or 'ally'; Northern regionNorth Dakota
58.4%
Dakota Sioux tribe called “Ayouos” (French), “Ajoues” (Spanish) or “Ioways' (English), possibly meaning 'beautiful land'Iowa
57.6%
'Land of the Indians'Indiana
56.1%
Western counties that refused to follow rest of state in seceding from the UnionWest Virginia
55.7%
Spanish for 'colored red'Colorado
54.3%
New name for land conquered in war 1846-48New Mexico
52.9%
Ojibwe for 'big lake'Michigan
52.4%
Island in the English ChannelNew Jersey
52.2%
Spanish for 'flowery' as in 'flowery Easter'Florida
49.5%
Algonquian for 'big river'Mississippi
48.6%
Cherokee village called Tanasi and corresponding riverTennessee
47.9%
Named After ... State % Correct
Coastal county in southern EnglandNew Hampshire
44.2%
Aleut for 'mainland' or 'land facing the sea'Alaska
41.3%
Aztec for 'silver-bearing', Pima for 'little spring place' or Basque for 'good oak'Arizona
41%
Probably refers to the 'mainland' as opposed to coastal islandsMaine
40.2%
Spanish for 'snow covered'Nevada
40%
River and bay named for Sir Thomas West, the 12th Baron De La WarrDelaware
32.2%
Dakota Sioux for 'sky-tinted water' or 'cloudy water' referring to a river of the same nameMinnesota
31.6%
From the Native American 'Ute' tribe and means 'people of the mountains.'Utah
28.4%
Probably engraver's error in naming the 'Ouisiconsink' river or Algonquian 'wauregan' and 'olighin' meaning 'good' and 'beautiful'Oregon
26.8%
Otos name meaning 'flat water' for Platte riverNebraska
25.2%
Probably Iroquois for 'great river' or 'big river'Ohio
23.6%
Probably for fictional island in 16th century novel 'Las Sergas de Esplandián'California
22%
Sioux for 'south wind people' and a river of the same nameKansas
20.5%
Choctaw for 'red people'Oklahoma
19.9%
Lenape for 'at the big plains' or 'at the big river flat'Wyoming
18.4%
Southern Sioux tribe and river name meaning 'large canoes'Missouri
17.5%
Probably Choctaw for 'thicket-clearers' or 'we stay here' or Creek for 'tribal town'Alabama
15.8%
French version of Algonquin for 'warriors' or 'tribe of superior men'Illinois
15.7%
Algonquian for 'at or about the great hill'Massachusetts
14.2%
Probably Iroquois river name meaning 'meadowland', 'dark and bloody ground' or 'land of tomorrow'Kentucky
14%
Likely corruption of Miami for 'river running through a red place' or Chippewa for 'gathering of waters'Wisconsin
13.8%
Either an invented word or an English corruption of Kiowa-Apache for 'enemy' Idaho
13.2%
Caddo for 'friend' or 'friends'Texas
12.4%
Algonquian for 'beside the long tidal river'Connecticut
12.3%
French version of Algonquian name for Quapaw tribe meaning 'wind people'Arkansas
11.7%

You're not logged in!

Compare scores with friends on all Sporcle quizzes.
OR
Log In

Sporcle TV

Today on Sporcle TV


Watch our educational content, quiz creation guides, and fun videos on Sporcle TV.

Show Comments

Extras

Top Quizzes Today


Score Distribution

Your Account Isn't Verified!

In order to create a playlist on Sporcle, you need to verify the email address you used during registration. Go to your Sporcle Settings to finish the process.

Report this User

Report this user for behavior that violates our Community Guidelines.

Details: